000 01085cam a2200289 a 4500
001 15357471
003 OSt
005 20251127124454.0
008 080708s2008 enkab b 001 0 eng
010 _a 2008028394
020 _a9781844076352
_qhbk.
020 _a9781844076369
_qpbk.
040 _aSEKU
050 0 0 _aHC79.P6
_bP6 2008
245 0 0 _aLinking conservation and poverty reduction :
_blandscapes, people and power /
_cRobert Fisher ... [et al.].
260 _aLondon ;
_aSterling, VA :
_bEarthscan,
_c2008.
300 _axiv, 146 p. :
_bill., map ;
500 _a"The first edition of this book, Poverty and Conservation: Landscapes, People and Power, [was] published by IUCN in 2005"--Acknowledgements.
504 _aIncludes bibliographical references (p. [131]-140) and index.
650 0 _aRural poor.
650 0 _aRural development.
650 0 _aSustainable development.
700 1 _aFisher, R. J.
730 0 _aPoverty and conservation.
856 4 1 _3Table of contents only
_uhttp://www.loc.gov/catdir/toc/ecip0823/2008028394.html
942 _2lcc
_cGEN
999 _c18690
_d18690